000 00697nam a22002177a 4500
003 UA-OsUOA
001 41006
007 ta
008 20080709b un ||||| |||| 00| 0 ukr d
090 _a017
_bЖ92
942 _cBK
040 _aUA-OsUOA
_bukr
_cUA-OsUOA
_dUA-OsUOA
245 _aЖурнал іноземної літератури "Всесвіт" у ХХ сторіччі (1925 - 2000)
_cУклади Олег Микитенко та Галина Гамалій
300 _a711 с.
955 _a1
041 _aukr
080 _a017
260 _aК.
_b"Всесвіт"
_c2004
650 7 _a01 Бібліографія і бібліографії. Каталоги
_2UDC
999 _c439511
_d439511